| 000 | 01369cam a2200349 a 4500 | ||
|---|---|---|---|
| 001 | 000007448 | ||
| 005 | 20240306073909.0 | ||
| 008 | 041223s2003 cu b 001 0dspa | ||
| 020 | _a9597006820 | ||
| 035 | _a(UyMoLRL)lr20192 | ||
| 040 |
_aDO-SdBNP _cDLC |
||
| 043 |
_anwcu--- _an-mx--- |
||
| 082 |
_a866.2 _bM378c |
||
| 100 | 1 |
_aMartí, José, _d1853-1895 _9645 |
|
| 240 | 1 | 0 |
_aCorrespondence. _kSelections |
| 245 | 1 | 0 |
_aCorrespondencia a Manuel Mercado / _cJosé Marti ; compilación y notas de Marisela del Pino y Pedro Pablo Rodríguez ; introducción de Cintio Vitier ; edición Francisco Cepeda Tejera. |
| 260 |
_aLa Habana : _bCentro de Estudios Martianos, _c2003. |
||
| 300 |
_a374 p. ; _c21 cm. |
||
| 490 | 1 | _aCorcel | |
| 504 | _aIncluye referencias bibliográficas (p. 45-46) e índice. | ||
| 600 | 1 | 0 |
_aMARTÍ, JOSÉ, _d1853-1895 _vCORRESPONDENCIA _920705 |
| 600 | 1 | 0 |
_aMERCADO, MANUEL, _d1838-1909 _vCORRESPONDENCIA _920706 |
| 651 | 4 |
_aCuba _xHistoria _y1878-1895. _916132 |
|
| 650 | 0 |
_aAutores cubanos _ySIGLO XX _vCORRESPONDENCIA _920707 |
|
| 700 | 0 |
_aCepeda Tejera, Francisco _eed. _920708 |
|
| 700 | 1 |
_aMercado, Manuel, _d1838-1909. _ecomp. _920709 |
|
| 700 | 1 |
_aPino, Marisela del. _ecomp. _920710 |
|
| 700 | 1 |
_aRodríguez, Pedro Pablo, _d1946- _ecomp. _98793 |
|
| 830 | 0 |
_aCorcel ; _920711 |
|
| 910 | _aCatalogación por copia / LC | ||
| 049 | _aBNGR | ||
| 999 |
_c7229 _d7229 |
||